Central Library OPAC University of Rajshahi

A course of differential geometry / (Record no. 50670)

MARC details
000 -LEADER
fixed length control field 00726nam a2200241 a 4500
001 - CONTROL NUMBER
control field 50670
003 - CONTROL NUMBER IDENTIFIER
rucl marc code BD-RjUL
005 - DATE AND TIME OF LATEST TRANSACTION
control field 20211209075538.0
008 - FIXED-LENGTH DATA ELEMENTS--GENERAL INFORMATION
fixed length control field 160828s1926 xxua|||| |||| 001 0 eng d
035 ## - SYSTEM CONTROL NUMBER
System control number (BD-RjUL)50790
040 ## - CATALOGING SOURCE
Original cataloging agency BD-RjUL
Language of cataloging eng
Transcribing agency BD-RjUL
041 ## - LANGUAGE CODE
Language code of text/sound track or separate title eng
082 ## - DEWEY DECIMAL CLASSIFICATION NUMBER
Edition number 23
Classification number 516.36
Author mark and year CAC 1926
100 ## - MAIN ENTRY--PERSONAL NAME
Personal name Campbell, John Edward
9 (RLIN) 151715
245 ## - TITLE STATEMENT
Title A course of differential geometry /
Statement of responsibility, etc. John Edward Campbell; E B Elliott
260 ## - PUBLICATION, DISTRIBUTION, ETC. (IMPRINT)
Place of publication, distribution, etc. Oxford :
Name of publisher, distributor, etc. At The Clarendon Press,
Date of publication, distribution, etc. 1926
300 ## - PHYSICAL DESCRIPTION
Pagination xv, 261 p. :
Illustrations ill. ;
Size 21 cm.
500 ## - GENERAL NOTE
General note Includes index
650 ## - SUBJECT ADDED ENTRY--TOPICAL TERM
Topical term or geographic name as entry element Geometry, Differential.
9 (RLIN) 151716
Topical term or geographic name as entry element Differentialgeometrie.
9 (RLIN) 151717
700 ## - ADDED ENTRY--PERSONAL NAME
Personal name Elliott, E. B.
942 ## - ADDED ENTRY ELEMENTS (KOHA)
Source of classification or shelving scheme Dewey Decimal Classification
Koha item type Books
Holdings
Lost status Source of classification or shelving scheme Damaged status Not for loan Collection code Permanent Location Current Location Shelving location Date acquired Source of acquisition Cost, normal purchase price Total Checkouts Full call number Date last seen Copy number Koha item type
  Dewey Decimal Classification     Non-fiction Central Library, University of Rajshahi Central Library, University of Rajshahi   25/01/1956 S. TM. 1.10   516.36 CAC 1926 28/08/2016 C-2 Books